| 000 | 02903nam a2200421 a 4500 | ||
|---|---|---|---|
| 001 | ebr10160979 | ||
| 003 | CaPaEBR | ||
| 006 | m u | ||
| 007 | cr cn||||||||| | ||
| 008 | 061109s2007 dcu sb 001 0 eng d | ||
| 010 | _z 2006037273 | ||
| 020 | _z9780815770305 (cloth : alk. paper) | ||
| 020 | _z0815770308 (cloth : alk. paper) | ||
| 020 | _z9780815770312 (pbk. : alk. paper) | ||
| 020 | _z0815770316 (pbk. : alk. paper) | ||
| 020 | _z9780815770329 | ||
| 040 |
_aCaPaEBR _cCaPaEBR |
||
| 035 | _a(OCoLC)86086787 | ||
| 043 | _an-us--- | ||
| 050 | 1 | 4 |
_aKF4155 _b.S36 2007eb |
| 082 | 0 | 4 |
_a344.73/076 _222 |
| 245 | 0 | 0 |
_aSchool money trials _h[electronic resource] : _bthe legal pursuit of educational adequacy / _cMartin R. West, Paul E. Peterson, editors. |
| 260 |
_aWashington, D.C. : _bBrookings Institution Press, _cc2007. |
||
| 300 | _ax, 373 p. | ||
| 504 | _aIncludes bibliographical references and index. | ||
| 505 | 0 | _aThe adequacy lawsuit : a critical appraisal / Martin R. West and Paul E. Peterson -- Adding adequacy to equity : the evolving legal theory of school finance reform / Richard Briffault -- Adequacy and the rights revolution : reinterpreting the education clauses in state constitutions / John C. Eastman -- The alchemy of "costing-out" an adequate education / Eric A. Hanushek -- Adequacy's politicization of the school finance legal process / Matthew G. Sringer and James W. Guthrie -- Is teacher pay "adequate"? / Michael Podgursky -- Adequacy judgments and school reform / Frederick M. Hess -- The non-implementation of New York's adequacy judgment / Joe williams -- The impact of school finance judgments on state fiscal policy / Christopher Berry -- Adequacy, accountability, and no child left behind / Andrew Rudalevige -- Adequacy litigation in an era of accountability / Michael Heise -- The winning defense in Massachusetts / Robert M. Costrell -- The uncertain future of adequacy remedies: a look to the past / Kenneth W. Starr -- Who should govern? adequacy litigation and the separation of powers / Joshua Dunn and Martha Derthick. | |
| 533 |
_aElectronic reproduction. _bPalo Alto, Calif. : _cebrary, _d2009. _nAvailable via World Wide Web. _nAccess may be limited to ebrary affiliated libraries. |
||
| 650 | 0 |
_aEducational equalization _xLaw and legislation _zUnited States. |
|
| 650 | 0 |
_aEducational accountability _xLaw and legislation _zUnited States. |
|
| 650 | 0 |
_aDiscrimination in education _xLaw and legislation _zUnited States. |
|
| 650 | 0 |
_aEducation _xFinance _xLaw and legislation _zUnited States _xStates. |
|
| 650 | 0 |
_aEducation _zUnited States _xFinance. |
|
| 655 | 7 |
_aElectronic books. _2local |
|
| 700 | 1 | _aWest, Martin R. | |
| 700 | 1 | _aPeterson, Paul E. | |
| 710 | 2 | _aebrary, Inc. | |
| 856 | 4 | 0 |
_uhttp://site.ebrary.com/lib/rucke/Doc?id=10160979 _zAn electronic book accessible through the World Wide Web; click to view |
| 999 |
_c243321 _d243321 |
||